| 000 | 00875nam a22002537a 4500 | ||
|---|---|---|---|
| 999 |
_c6256 _d6256 |
||
| 003 | AR-CdUCM | ||
| 008 | 190314b ||||| |||| 00| 0 spa d | ||
| 040 |
_aMUNICIPALIDAD PROVINCIAL DEL CUSCO _cBIBLIOTECA MUNICIPAL DEL CUSCO |
||
| 082 |
_a808.1 / _bR81 |
||
| 110 |
_aCorporación Editora Chirre S.A. _917995 |
||
| 245 |
_aVersos y poemas de amor : _bPara alimentar nuestros sentimientos y emociones / |
||
| 260 |
_aLima : _bCorporación Editora Chirre S.A., _c2004 |
||
| 300 |
_a82 páginas _c20 cm. |
||
| 440 |
_aColección romántica _917996 |
||
| 505 | _aContenido : Selección de poemas de diferentes autores. | ||
| 650 |
_aPoesía _9444 |
||
| 650 |
_aPoemas en español _917997 |
||
| 650 |
_aLiteratura _9416 |
||
| 700 |
_aPablo Neruda _917998 |
||
| 700 |
_aPietro Aretino _917999 |
||
| 700 |
_aDante Alighieri _918000 |
||
| 942 |
_2ddc _cLIBROS |
||
| 945 | _admma | ||